Pobreza : (Registro nro. 8565)
[ vista simple ]
| 000 -LEADER | |
|---|---|
| fixed length control field | 02662nam a2200277Ia 4500 |
| 003 - CONTROL NUMBER IDENTIFIER | |
| control field | OSt |
| 005 - DATE AND TIME OF LATEST TRANSACTION | |
| control field | 20210913113904.0 |
| 008 - FIXED-LENGTH DATA ELEMENTS--GENERAL INFORMATION | |
| fixed length control field | 210310s2004 ck ad fr 000 0dspa d |
| 020 ## - INTERNATIONAL STANDARD BOOK NUMBER | |
| International Standard Book Number | 9589285287 |
| 040 ## - CATALOGING SOURCE | |
| Original cataloging agency | CO-JMCR |
| Transcribing agency | CO-JMCR |
| 041 0# - LANGUAGE CODE | |
| Language code of text/sound track or separate title | spa |
| 082 04 - DEWEY DECIMAL CLASSIFICATION NUMBER | |
| Classification number | 362.5 / |
| Item number | A472p |
| Edition number | 23 |
| 100 1# - MAIN ENTRY--PERSONAL NAME | |
| Personal name | Alvarado Acevedo, Alberto, |
| 9 (RLIN) | 17642 |
| Relator term | autor |
| 245 10 - TITLE STATEMENT | |
| Title | Pobreza : |
| Remainder of title | una propuesta de análisis sistémico / |
| Statement of responsibility, etc. | Alberto Alvarado Acevedo, Alejandro Vivas Benítez |
| 260 ## - PUBLICATION, DISTRIBUTION, ETC. | |
| Place of publication, distribution, etc. | Bogotá : |
| Name of publisher, distributor, etc. | Universidad Javeriana, |
| Date of publication, distribution, etc. | 2004 |
| 300 ## - PHYSICAL DESCRIPTION | |
| Extent | 243 páginas, 5 hojas plegadas ; |
| Other physical details | ilustraciones y gráficas a blanco y negro ; |
| Dimensions | 22 cm. |
| 490 0# - SERIES STATEMENT | |
| Series statement | Serie Soluciones en desarrollo ; |
| Volume/sequential designation | 13 |
| 500 ## - GENERAL NOTE | |
| General note | Incluye notas a pie de página y datos biográficos de los autores. |
| 504 ## - BIBLIOGRAPHY, ETC. NOTE | |
| Bibliography, etc. note | Bibliografía: páginas 209-216 |
| 505 0# - FORMATTED CONTENTS NOTE | |
| Formatted contents note | Enfoque sectoriales de la pobreza -- Enfoque sistémico de la pobreza |
| 520 3# - SUMMARY, ETC. | |
| Summary, etc. | Los autores abordan el tema de la pobreza, desde el punto de vista de la sociología y la economía, en dos partes: En la primera, hacen una revisión de las teorías sobre "pobreza" que les permite aproximarse al estado del arte en los ámbitos nacional e internacional.<br/>En la segunda parte formulan una propuesta de análisis sistémico para establecer causas de la pobreza y para proponer vías de solución. La visión global del fenómeno de la pobreza implica que su solución sea igualmente global -esto es, que involucra a todos los actores y grupos de la sociedad-.<br/>Plantean que en sociedades como la colombiana no solamente existen grupos grandes de pobres, sino que EL CONJUNTO DE LA <br/>SOCIEDAD ES POBRE (atrasado), incluyendo en este conjunto a los estratos socioeconómicos medios y también a la población<br/>más rica. Es el sistema social, económico, político y cultural el generador de POBREZA. <br/>Establecen que la POBREZA-DE-LA-SOCIEDAD ES MULTIDIMENSIONAL. Resultado de esta pobreza es una sociedad que vive en conmoción y con una gobernabilidad insuficiente y un estado desarticulado que tendrá que reestructurarse. En otros términos, se obtiene una sociedad pobre toda ella. Es la pobreza humana de toda la sociedad, no solo la pobreza económica.<br/>El trabajo finaliza planteando cuatro RETOS y las acciones correspondientes para lograr la solución global de la pobreza: 1) Reforma del Estado; 2) Mejoramiento sustancial de la Administración Pública; 3) Desarrollo de la cultura dinámica; 4) Creación de un modelo integral de desarrollo humano. |
| 650 14 - SUBJECT ADDED ENTRY--TOPICAL TERM | |
| Topical term or geographic name entry element | Pobreza |
| 9 (RLIN) | 17644 |
| General subdivision | Aspectos económicos |
| 650 24 - SUBJECT ADDED ENTRY--TOPICAL TERM | |
| Topical term or geographic name entry element | Pobreza |
| General subdivision | Aspectos sociales |
| 9 (RLIN) | 40269 |
| 700 1# - ADDED ENTRY--PERSONAL NAME | |
| Personal name | Vivas Benítez, Alejandro, |
| Relator term | autor |
| 9 (RLIN) | 13743 |
| 942 ## - ADDED ENTRY ELEMENTS (KOHA) | |
| Source of classification or shelving scheme | Dewey Decimal Classification |
| Koha item type | Books |
| Withdrawn status | Lost status | Source of classification or shelving scheme | Damaged status | Not for loan | Collection code | Home library | Current library | Date acquired | Source of acquisition | Full call number | Barcode | Date last seen | Copy number | Koha item type |
|---|---|---|---|---|---|---|---|---|---|---|---|---|---|---|
| Dewey Decimal Classification | Non-fiction | Biblioteca Pública José María del Castillo y Rada | Biblioteca Pública José María del Castillo y Rada | 04/15/2018 | Donación | 362.5 / A472p | 430006261 | 05/16/2024 | Ej.1 | Books |